书目信息 |
| 题名: |
技术学导论
|
|
| 作者: | 邓树增 , 刘西琳 , 乔宽元 编 | |
| 分册: | ||
| 出版信息: | 上海 上海科学技术文献出版社 1987 |
|
| 页数: | 502页 | |
| 开本: | 20cm | |
| 丛书名: | ||
| 单 册: | ||
| 中图分类: | T-0 | |
| 科图分类: | ||
| 主题词: | 技术学--概论 , 工业技术--理论 | |
| 电子资源: | ||
| ISBN: | 7-80513-070-1 | |
| 000 | 00684nam0 2200253 45 | |
| 001 | 0187006400 | |
| 005 | 20060813110114.00 | |
| 010 | @a7-80513-070-1@dCNY4.50 | |
| 100 | @a19900808d1987 emky0chiy0121 ea | |
| 101 | 0 | @achi |
| 102 | @aCN@b310000 | |
| 105 | @ay z 000yy | |
| 200 | 10 | @a技术学导论@Aji shu xue dao lun@f邓树增等编 |
| 210 | @a上海@c上海科学技术文献出版社@d1987 | |
| 215 | @a502页@d20cm | |
| 606 | @a技术学@x概论 | |
| 606 | 0 | @a工业技术@x理论 |
| 690 | @aT-0@v3 | |
| 701 | 0 | @a邓树增@Adeng shu zeng@4编 |
| 701 | 0 | @a刘西琳@Aliu xi lin@4编 |
| 701 | 0 | @a乔宽元@Aqiao kuan yuan@4编 |
| 801 | 2 | @aCN@bNLC@c20060813 |
| 801 | 0 | @aCN@bTSSF |
| 905 | @a10447@dT-0@e185 | |
| 技术学导论/邓树增等编.-上海:上海科学技术文献出版社,1987 |
| 502页;20cm |
| ISBN 7-80513-070-1:CNY4.50 |
| ● |
| 相关链接 |
|
|
|
|
正题名:技术学导论
索取号:T-0/185
 
预约/预借
| 序号 | 登录号 | 条形码 | 馆藏地/架位号 | 状态 | 备注 |
| 1 | 0452530 | 204525308 | 密集书库/ [索取号:T-0/185] | 在馆 |